ბათუმის შოთა რუსთაველის სახელმწიფო უნივერსიტეტის ბიბლიოთეკა

საქართველოს კონსტიტუციური სამართალი : სახელმძღვ. უმაღლ. სასწავლებლებისათვის : (სრული კურსი) : 2 ტომად / (ბიბ.ჩანაწერი № 36571)

000 -ლიდერი
ფიქსირებული სიგრძის საკონტროლო ველი 01062nam a2200217Ia 4500
001 - საკონტროლო ნომერი
საკონტროლო ველი 2490
003 - საკონტროლო ნომრის იდენტიფიკატორი
საკონტროლო ველი GE_BSU
005 - ბოლო ოპერაციის თარიღი და დრო
საკონტროლო ველი 20221003113651.0
008 - ფიქსირებული სიგრძის მონაცემთა ელემენტები - ზოგადი ინფორმაცია
ფიქსირებული სიგრძის საკონტროლო ველი 181216s2005||||ge |||||||||||||| ||geo||
020 ## - წიგნის საერთაშორისო სტანდარტული ნომერი
International Standard Book Number 9994032623
040 ## - კატალოგიზაციის წყარო
Transcribing agency GE_BSU
041 ## - ენის კოდი
Language code of text/sound track or separate title geo
080 ## - უნივერსალური ათობითი კლასიფიკაციის ინდექსი
Universal Decimal Classification number 342(479.22)(075.8) ც–80
100 ## - მთავარი ჩანაწერი - პიროვნების სახელი
Personal name ცნობილაძე, პაატა
9 (RLIN) 8149
245 ## - ცნობა სათაურის შესახებ
Title საქართველოს კონსტიტუციური სამართალი : სახელმძღვ. უმაღლ. სასწავლებლებისათვის : (სრული კურსი) : 2 ტომად /
Statement of responsibility, etc პაატა ცნობილაძე ; რედ. გივი ინწკირველი.
264 ## - წარმოების, გამოცემის, დისტრიბუციის და სხვა ცნობები
გამოცემის, წარმოების, დისტრიბუციის... ადგილი თბილისი
გამოცემის, წარმოების, დისტრიბუციის... სახელწოდება უნივერსალი,
გამოცემის, წარმოების, დისტრიბუციის... თარიღი 2005
300 ## - ფიზიკური აღწერა
Extent 416 გვ.
Other physical details 20 სმ
653 ## - INDEX TERM--UNCONTROLLED
Uncontrolled term კონსტიტუციური სამართალი
700 ## - ADDED ENTRY--PERSONAL NAME
Personal name ინწკირველი, გივი
Relator term რედაქტორი
9 (RLIN) 1291
942 ## - ADDED ENTRY ELEMENTS (KOHA)
Koha item type წიგნი
Source of classification or shelving scheme
ეგზემპლარები
ჩამოწერის სტატუსი დაკარგული ეგზემპლარის სტატუსი კლასიფიკაციის წყარო ან თაროზე გაწყობის სქემა დაზიანების სტატუსი არ გაიცემა მუდმივი მდებარეობა (დაცვის ადგილი) ამჟამინდელი ადგილსამყოფელი თაროზე განთავსების ადგილი შეძენის თარიღი ღირებულება, შესყიდვის ნორმალური ფასი სრული შენახვის შიფრი შტრიხკოდი ბოლო ოპერაციის თარიღი ეგზემპლარის მიმდევრობითი ნომერი (კეტერი?) ფასის ძალაში შესვლის თარიღი ეგზემპლარის სახეობა საჯარო შენიშვნა მითითებული მასალები (აკინძული ტომები ან სხვა ნაწილი)
          ბათუმის შოთა რუსთაველის სახელმწიფო უნივერსიტეტის მთავარი ბიბლიოთეკა ბათუმის შოთა რუსთაველის სახელმწიფო უნივერსიტეტის მთავარი ბიბლიოთეკა წიგნსაცავი 2018-12-17 12.00 342(479.22)(075.8) ც–80 1769 2018-12-17 1769 2018-12-17 წიგნი 12 ლ.  
          ბათუმის შოთა რუსთაველის სახელმწიფო უნივერსიტეტის მთავარი ბიბლიოთეკა ბათუმის შოთა რუსთაველის სახელმწიფო უნივერსიტეტის მთავარი ბიბლიოთეკა წიგნსაცავი 2018-12-17 12.35 342(479.22)(075.8) ც–80 00448 ქს. 2018-12-17 00448 2018-12-17 წიგნი 12 ლ. 35 თ. ქსეროასლი
          ბათუმის შოთა რუსთაველის სახელმწიფო უნივერსიტეტის მთავარი ბიბლიოთეკა ბათუმის შოთა რუსთაველის სახელმწიფო უნივერსიტეტის მთავარი ბიბლიოთეკა წიგნსაცავი 2018-12-17 12.35 342(479.22)(075.8) ც–80 00449 ქს. 2018-12-17 00449 2018-12-17 წიგნი 12 ლ. 35 თ. ქსეროასლი